How I Met Your Mother Quiz - Statistics

General Stats
  • This quiz has been taken 1,918 times
  • The average score is 7 of 24
Answer Stats
Hint Answer % Correct
Only character (among the 5 main characters) that has already kissed all other main characters (including flashbacks or imagined scenarios) Lily
74%
What happens whenever Randy gets an erection nosebleed
70%
Name of Barney and Ted's bar Puzzles
59%
Ted's costume every halloween hanging chad
58%
Fake name that Victoria gives Ted when they meet at Stuart and Claudia's wedding Buttercup
41%
Marshall's hometown (not home state) St. Cloud
40%
A place where the possible and the impossible meet the possimpible
39%
MacLaren's bartender whose wake coincided with the Superbowl Mark
37%
Success rate of the Naked Man 2 out of 3
33%
Name of Ted's hot sister Heather
31%
Barney's rule that trumps the golden rule the platinum rule
30%
Name of Barney's fake son Tyler
29%
Article 1 of the Bro Code Bros before hoes
20%
Jed Moseley's catchphrase in The Wedding Bride No can dosville, babydoll
18%
Marshall's basketball nickname Vanilla Thunder
15%
Company that uses a supercomputer to find someone's soulmate Love Solutions
14%
Thing Ted used to propose to Stella (specific) orange kangaroo
13%
Aside from Slap Bet, the only succesful board game by Aldrin Games Lights Out
11%
Robin's full name Robin Charles Scherbatsky Jr.
10%
Woman who was on Ted's hook Henrietta
9%
What Ted called the girl who he made out with in his freshmen orientation party in college unreasonably small mouth opening girl
9%
Name of Barney's play Suck it Lily
7%
Name of Robin's dog that underwent a canine-testudine cerebroxenograph Sir Scratchewan
5%
Book that Marshall leaves at Stella's clinic The Power of Me
5%
No matching quizzes found
Score Distribution
Percent of People with Each Score
Percentile by Number Answered
Your Score History
You have not taken this quiz